Vplyv fyzikálno-chemických faktorov na extrakčnú výťažnosť SPME environmentálnych polutantov

Bibliographic Details
Main Authors: Matisová, Eva, 1942- (Author), Medveďová, Monika (Author), Vraniaková, Janka (Author)
Format: Article
Language:Slovak
PhysicalDescription:Obr., tab.
ISSN:1335-3055
Subjects:

MARC

LEADER 00000nab a2200000 a 4500
001 vtls000720572
003 SK-MaSNL
005 20260304131330.0
008 250429c1999 xo 0 slo
015 |a SNBRB2000/05-11908 
035 |a CLN000072739 
035 |a urn:nbn:sk:snk-abahq7 
035 |a (urnnbn)urn:nbn:sk:snk:ar-a09z4k 
035 |a (uuid)f4f374f8-7d85-4d95-9eb3-3030a2117d35 
040 |a SNKBUCL  |b slo  |c SNKBUCL  |e AACR2 
041 0 |a slo 
044 |a xo  |c SK 
080 |a 543.8  |2 1997 
100 1 |a Matisová, Eva,  |d 1942-  |4 aut  |9 212075 
245 1 0 |a Vplyv fyzikálno-chemických faktorov na extrakčnú výťažnosť SPME environmentálnych polutantov  |c Eva Matisová, Monika Medveďová, Janka Vraniaková 
300 |b Obr., tab. 
504 |a Bibliogr. odkazy 
650 0 7 |a látky organické prchavé  |x mikroextrakcia na tuhej fáze  |x faktory fyzikálno-chemické  |2 snkbucl  |9 1444336 
650 0 7 |a mikroextrakcia na tuhej fáze  |2 snkbucl  |9 1422563 
655 7 |a články z novín a časopisov  |2 snkbucl  |9 267496 
700 1 |a Medveďová, Monika  |4 aut  |9 808768 
700 1 |a Vraniaková, Janka  |4 aut  |9 1444337 
773 0 |t Ropa a uhlie  |g Roč. 41, č. 4 (1999), s. 18-22  |x 1335-3055 
850 |a Slovenská národná knižnica 
852 |a Slovenská národná knižnica 
958 |a article14 
958 |a OND 
958 |a NB 
958 |a EUIPO 
999 |c 2896648  |d 2898578